000 00707nam a2200241Ia 4500
003 OSt
005 20220918230226.0
006 a|||||r|||| 00| 0
007 ta
008 220917b |||||||| |||| 00| 0 eng d
024 _a250,686
037 _cTextual
040 _aARTS
_cARTS
_beng
041 _2eng
_aeng
082 _aY17446236MA:1, L0
100 _aSengupta Syamalkanti
_9152144
245 0 _aSocial profiles of the mahals
_b The tribal basket-makers of Midpur
260 _aCalcutta
_bFirma K. L. Mukhopadhyay India
_c1970
300 _av,204p.
_ccm.
650 _aSOCIOLOGY
942 _hY17446236MA:1, L0
_cTEXL
_2CC
999 _c287452
_d287452